Click the Crush 40 Song Title Ending - Statistics

General Stats
  • This quiz has been taken 55 times
  • The average score is 13 of 20
Answer Stats
Hint Answer % Correct
Open Your Heart
92%
What I'm Made Of...
92%
Never Turn Back
89%
I Am... All of Me
89%
Live & Learn
83%
One Of Those Days
81%
Knight of the Wind
75%
Sonic Heroes
72%
All The Way
72%
Through The Fire
67%
Watch Me Fly...
67%
Call Me Crazy
64%
Revvin' Up
61%
Fight The Knight
58%
Live Life
58%
Green Light Ride
56%
Song of Hope
50%
2 Nights 2 Remember
39%
In The Lead
31%
Fire Woman
31%
No matching quizzes found
Score Distribution
Percent of People with Each Score
Percentile by Number Answered
Your Score History
You have not taken this quiz